Las poblaciones que desaparecen /

Guardado en:
Formato: Deslizar
Materias:
Etiquetas: Agregar Etiqueta
Sin Etiquetas, Sea el primero en etiquetar este registro!
LEADER 00840ngm a22002055g 4500
001 CEM.cems022860
008 130507b2008##################0###0#####d
005 20241125143333.0
245 0 0 |a Las poblaciones que desaparecen / 
500 |a En soporte VHS, consultar en ventanilla. 
505 0 |a Ecosistemas. Población biológica. Flamencos en el norte argentino. Peligros de depredación. Ciervos y huemules en la Patagonia. Areas protegidas. La extinción de las especies. Depredación marina. 
538 |a Soporte: VHS - Norma: Pal N - Color: Si - Grabación DRD 2008 - Hitachi=5590 
082 5 3 |/ ECO 
653 |a ECOLOGIA 
653 |a MEDIO AMBIENTE 
653 |a ECOSISTEMAS 
653 |a DEPREDACIÓN 
653 |a NIVEL PRIMARIO 
653 |a NIVEL SECUNDARIO 
859 |a CEMS  |b BIB. CEMS - Depto. Recursos Didacticos  |h 530  |i ECO  |k DRD  |p 1503.12  |t Ej.1